| 000 | 00414cam a22001337a 4500 | ||
|---|---|---|---|
| 008 | 180718b xxu||||| |||| 00| 0 eng d | ||
| 082 | _aPROJ.REP. 1999/GUP | ||
| 100 | _aGupta, M.C. | ||
| 245 |
_aOrissa super cyclone '99 _cby M.C. Gupta and Vinod K. Sharma |
||
| 260 |
_aNew Delhi _bIndian Institute of Public Administration _c |
||
| 300 | _a122p. | ||
| 440 | _aIIPA Working Paper, 1999: 2 | ||
| 700 | _aSharma, Vinod K. | ||
| 999 |
_c492335 _d492335 |
||